La Grammarire: (رقم التسجيلة. 108009)
[ عرض عادي ]
| 000 -LEADER | |
|---|---|
| fixed length control field | 00771cam a2200265 a 4500 |
| 003 - CONTROL NUMBER IDENTIFIER | |
| control field | EG-GiCUC |
| 008 - FIXED-LENGTH DATA ELEMENTS--GENERAL INFORMATION | |
| fixed length control field | 080812s198u fr f 000 0 eng |
| 040 ## - CATALOGING SOURCE | |
| Original cataloging agency | DLC |
| Transcribing agency | DLC |
| Modifying agency | DLC |
| 042 ## - AUTHENTICATION CODE | |
| Authentication code | premarc |
| 092 04 - LOCALLY ASSIGNED DEWEY CALL NUMBER (OCLC) | |
| Classification number | 445 |
| Item number | S719 |
| Edition number | 21 |
| 099 ## - LOCAL FREE-TEXT CALL NUMBER (OCLC) | |
| Classification number | 04 |
| -- | 445 S719 |
| 100 1# - MAIN ENTRY--PERSONAL NAME | |
| Personal name | Souch.A |
| 245 13 - TITLE STATEMENT | |
| Title | La Grammarire: |
| Remainder of title | et le francaisd/ |
| Statement of responsibility, etc. | A.Souche ,J.Lamaison |
| 260 ## - PUBLICATION, DISTRIBUTION, ETC. | |
| Place of publication, distribution, etc. | paris |
| Manufacturer | ernand nathan,editeur |
| Date of publication, distribution, etc. | [198-] |
| 300 ## - PHYSICAL DESCRIPTION | |
| Extent | 272p, |
| Dimensions | 25cm |
| 490 1# - SERIES STATEMENT | |
| Series statement | A Meet the world book |
| 650 #0 - SUBJECT ADDED ENTRY--TOPICAL TERM | |
| Topical term or geographic name entry element | French language |
| General subdivision | Grammar. |
| 770 1# - SUPPLEMENT/SPECIAL ISSUE ENTRY | |
| Main entry heading | Lamaison,J |
| 800 1# - SERIES ADDED ENTRY--PERSONAL NAME | |
| Personal name | Gunther, John, |
| Dates associated with a name | 1901-1970. |
| Title of a work | Meet the world books. |
| 902 ## - LOCAL DATA ELEMENT B, LDB (RLIN) | |
| No. of Items | 1 |
| 905 ## - LOCAL DATA ELEMENT E, LDE (RLIN) | |
| Cataloger | Jamal |
| Reviser | Cat. |
| 905 ## - LOCAL DATA ELEMENT E, LDE (RLIN) | |
| Cataloger | Reda |
| Reviser | Rev |
| 942 ## - ADDED ENTRY ELEMENTS (KOHA) | |
| Source of classification or shelving scheme | Dewey Decimal Classification |
| Koha item type | Books |
| Source of classification or shelving scheme | Not for loan | Home library | Current library | Date acquired | Full call number | Barcode | Date last seen | Copy number | Koha item type |
|---|---|---|---|---|---|---|---|---|---|
| Dewey Decimal Classification | المكتبة المركزبة الجديدة - جامعة القاهرة | قاعة المكتبات المهداة - الدور الرابع | 11.02.2024 | 445 S719 M.K | 01000114001056000 | 23.06.2024 | C.1 | Books |